Artificial intelligence and project management: Empirical overview, state of the art, and guidelines for future research (Record no. 526773)

000 -LEADER
fixed length control field 00949nam a22001457a 4500
008 - FIXED-LENGTH DATA ELEMENTS--GENERAL INFORMATION
fixed length control field 240624b ||||| |||| 00| 0 eng d
100 ## - MAIN ENTRY--PERSONAL NAME
Personal name Müller, Ralf et al
245 ## - TITLE STATEMENT
Title Artificial intelligence and project management: Empirical overview, state of the art, and guidelines for future research
260 ## - PUBLICATION, DISTRIBUTION, ETC. (IMPRINT)
Place of publication, distribution, etc Project Management Journal
300 ## - PHYSICAL DESCRIPTION
Extent 55(1), Feb, 2024: p. 9-15
520 ## - SUMMARY, ETC.
Summary, etc Desk rejections of artificial intelligence (AI)–related submissions to the Project Management Journal® (PMJ) are high. This article provides an overview and state-of-the-art snapshot on academic and practitioner work to derive at potential future research topics and guidelines on the execution and reporting of AI-related studies in project management.- Reproduced

https://journals.sagepub.com/doi/full/10.1177/87569728231225198#tab-contributors
773 ## - HOST ITEM ENTRY
Main entry heading Project Management Journal
906 ## - LOCAL DATA ELEMENT F, LDF (RLIN)
Subject DIP PROJECT MANAGEMENT
942 ## - ADDED ENTRY ELEMENTS (KOHA)
Item type Articles
Holdings
Withdrawn status Lost status Source of classification or shelving scheme Damaged status Not for loan Permanent location Current location Date acquired Serial Enumeration / chronology Barcode Date last seen Koha item type
          Indian Institute of Public Administration Indian Institute of Public Administration 2024-06-24 55(1), Feb, 2024: p. 9-15 AR132348 2024-06-24 Articles

Powered by Koha